| 000 | 00673cam a22002293a 4500 | ||
|---|---|---|---|
| 001 | 32001 | ||
| 003 | PGUSA | ||
| 005 | 20140828083707.0 | ||
| 008 | 100415s2010||||xxu|||||s|||||000 | eng d | ||
| 040 |
_aPGUSA _beng |
||
| 042 | _adc | ||
| 050 | 4 | _aDP | |
| 100 | 1 |
_aPereira, Eduardo C. N. _q(Eduardo Clemente Nunes), _d1887- |
|
| 245 | 1 | 0 |
_aDelenda est Carthago! _h[electronic resource] / _cEduardo C. N. Pereira |
| 260 |
_bProject Gutenberg, _c2010 |
||
| 506 | _aPublic domain in the USA. | ||
| 516 | _aElectronic text | ||
| 653 | _aSecret societies -- Portugal | ||
| 830 | 0 |
_aProject Gutenberg _v32001 |
|
| 856 | 4 | 0 | _uhttp://www.gutenberg.org/ebooks/32001 |
| 942 | _cEB | ||
| 999 |
_c261256 _d261256 |
||